Score 0/21 Timer 12:00
0 Plays Today
Hint Answer % Correct
Professional WrestlerJake 'the snake' Roberts
48.3%
QB Carolina PanthersJake Delhomme
48.3%
QB of Arizona and Denver of the NFL 1997-2006Jake Plummer
47.3%
Donnie Darko (actor)Jake Gyllenhaal
44.4%
Boxer, later portrayed by Robert DeNiroJake Lamotta
39.5%
Offensive Tackle for Miami DolphinsJake Long
33.2%
Character played by John BelushiJake Blues
31.2%
QB for Washington HuskiesJake Locker
27.8%
Pitcher, Chicago White SoxJake Peavy
26.3%
Detective TV series from 1987-1992Jake and the Fatman
22.4%
Actor, The Frighteners,Starship Troopers. Son of GaryJake Busey
22.4%
Hint Answer % Correct
Actor, young Anakin Skywalker in Episode 1Jake Lloyd
19.5%
Country Music Star Jake Owen
14.1%
Science Fiction show 2003-2004Jake 2.0
9.3%
Actor, Lizzie Mcguire, Artificial Intelligence:A.I.Jake Thomas
6.8%
Jack Nicholson's character in ChinatownJake Gittes
6.3%
Child Actor, voice of Diego of popular cartoonJake T. Austin
5.9%
Fitness GuruJake Steinfeld
5.9%
Actor, Degrassi, Charlie BartlettJake Epstein
3.9%
Ukele VirtuosoJake Shimabukuro
2.4%
Actor, TV show MediumJake Weber
1.5%

You're not logged in!

Compare scores with friends on all Sporcle quizzes.
OR
Log In

Sporcle TV

Today on Sporcle TV


Watch our educational content, quiz creation guides, and fun videos on Sporcle TV.

Show Comments

Extras

Created Oct 2, 2009SourceReportNominate
Tags:Famous Quiz, jake

Top Quizzes Today


Score Distribution

Paid Content

Your Account Isn't Verified!

In order to create a playlist on Sporcle, you need to verify the email address you used during registration. Go to your Sporcle Settings to finish the process.

Report this User

Report this user for behavior that violates our Community Guidelines.

Details: